000 00782cam a22002653a 4500
001 31348
003 PGUSA
005 20140828083658.0
008 100222s2010||||xxu|||||s|||||000 1 eng d
040 _aPGUSA
_beng
042 _adc
050 4 _aPZ
100 1 _aBaum, L. Frank
_q(Lyman Frank),
_d1856-1919
245 1 0 _aLa Mirinda Sorĉisto de Oz
_h[electronic resource] /
_cL. Frank Baum
260 _bProject Gutenberg,
_c2010
506 _aPublic domain in the USA.
516 _aElectronic text
653 _aOz (Imaginary place) -- Fiction
653 _aFantasy
700 1 _aBroadribb, Donald,
_d1933-2012
740 0 _aThe Wonderful Wizard of Oz. Esperanto
830 0 _aProject Gutenberg
_v31348
856 4 0 _uhttp://www.gutenberg.org/ebooks/31348
942 _cEB
999 _c260603
_d260603